| 000 | 00780nam a2200229 a 4500 | ||
|---|---|---|---|
| 001 | 000030268 | ||
| 005 | 20260202091015.0 | ||
| 008 | 110505s2011 dr 001 0 spa d | ||
| 020 | _z9789945194268 | ||
| 040 |
_aDO-SdBNP _bspa _cBNPHU |
||
| 082 |
_a158.1 _bS715t |
||
| 100 | 1 |
_aSosa Sosa, Diego A., _d1966- _93236 |
|
| 245 | 1 | 0 |
_aTú eres la estrella : _bfortalece tus 5 puntos / _cDiego A. Sosa Sosa. |
| 260 |
_aSanto Domingo : _bBúho, _c2011. |
||
| 300 |
_a248 p. ; _c23 cm. |
||
| 500 | _aIncluye datos biográficos del autor en la solapa de la cubierta | ||
| 590 | _aInventariado, 2018/MFF | ||
| 650 | 0 |
_aAutorrealización (Psicología) _9211 |
|
| 650 | 0 |
_aRelaciones humanas _9606 |
|
| 650 | 0 |
_aPsicología aplicada _91579 |
|
| 910 | _aValidado. Control de la calidad EMS | ||
| 999 |
_c29760 _d29760 |
||